| 000 | 00612nam a2200181Ia 4500 | ||
|---|---|---|---|
| 003 | IN-BaIIA | ||
| 008 | 211028s9999 xx 000 0 eng d | ||
| 040 | _cIIA Library | ||
| 080 |
_a083.7:62 _bASME |
||
| 110 | _aAmerican Society of Mechanical Engineers | ||
| 245 | 0 |
_aRules for Construction of Pressure Vessels Division 1. _cThe American Society of Mechanical Engineers |
|
| 260 |
_aNew york _bThe American Society of Mechanical Engineers _c1980 |
||
| 300 | _axxm, 610p. | ||
| 650 |
_aBoilers-Standards _913869 |
||
| 650 | _aNASA Thesaurus | ||
| 650 |
_aStandards-Boilers _913870 |
||
| 942 | _cBK | ||
| 999 |
_c8268 _d8268 |
||